|
|
|
|
| LEADER |
02619nam a2200649 4500 |
| 001 |
ocn714797093 |
| 003 |
OCoLC |
| 005 |
20170124071847.2 |
| 006 |
m o d |
| 007 |
cr cn||||||||| |
| 008 |
110426s2011 gw a ob 001 0 eng d |
| 040 |
|
|
|a DG1
|b eng
|e pn
|c DG1
|d YDXCP
|d CUS
|d UKMGB
|d UIU
|d CDX
|d OCLCQ
|d UIU
|d OCLCF
|d IUL
|d N$T
|d EBLCP
|d DEBSZ
|d OCLCQ
|d COO
|d DEBBG
|d OCLCQ
|d DG1
|d GrThAP
|
| 016 |
7 |
|
|a 015624785
|2 Uk
|
| 019 |
|
|
|a 705353466
|a 759036855
|a 761319881
|a 773301450
|
| 020 |
|
|
|a 9783527631803
|q (electronic bk.)
|
| 020 |
|
|
|a 3527631801
|q (electronic bk.)
|
| 020 |
|
|
|a 9783527321025
|q (alk. paper)
|
| 020 |
|
|
|a 3527321020
|q (alk. paper)
|
| 020 |
|
|
|a 9783527631841
|q (electronic bk.)
|
| 020 |
|
|
|a 3527631844
|q (electronic bk.)
|
| 020 |
|
|
|a 9783527631810
|q (electronic bk.)
|
| 020 |
|
|
|a 352763181X
|q (electronic bk.)
|
| 024 |
7 |
|
|a 10.1002/9783527631803
|2 doi
|
| 024 |
8 |
|
|a 9786613302366
|
| 029 |
1 |
|
|a AU@
|b 000047551144
|
| 029 |
1 |
|
|a DEBBG
|b BV043648136
|
| 029 |
1 |
|
|a DEBSZ
|b 430997000
|
| 029 |
1 |
|
|a NZ1
|b 15341048
|
| 035 |
|
|
|a (OCoLC)714797093
|z (OCoLC)705353466
|z (OCoLC)759036855
|z (OCoLC)761319881
|z (OCoLC)773301450
|
| 037 |
|
|
|a 330236
|b MIL
|
| 050 |
|
4 |
|a QD431
|b .A55 2011
|
| 072 |
|
7 |
|a SCI
|x 013040
|2 bisacsh
|
| 082 |
0 |
4 |
|a 547.7
|2 22
|
| 049 |
|
|
|a MAIN
|
| 245 |
0 |
0 |
|a Amino acids, peptides and proteins in organic chemistry.
|n Volume 4,
|p protection reactions, medicinal chemistry, combinatorial synthesis /
|c edited by Andrew B. Hughes.
|
| 246 |
3 |
0 |
|a Building blocks, catalysis and coupling chemistry
|
| 264 |
|
1 |
|a Weinheim :
|b Wiley-VCH,
|c [2011]
|
| 264 |
|
4 |
|c ©2011
|
| 300 |
|
|
|a 1 online resource (xx, 531 pages) :
|b illustrations
|
| 336 |
|
|
|a text
|b txt
|2 rdacontent
|
| 337 |
|
|
|a computer
|b c
|2 rdamedia
|
| 338 |
|
|
|a online resource
|b cr
|2 rdacarrier
|
| 504 |
|
|
|a Includes bibliographical references and index.
|
| 650 |
|
0 |
|a Amino acids.
|
| 650 |
|
0 |
|a Peptides.
|
| 650 |
|
0 |
|a Proteins.
|
| 650 |
|
0 |
|a Amino acids
|x Synthesis.
|
| 650 |
|
7 |
|a SCIENCE
|x Chemistry
|x Organic.
|2 bisacsh
|
| 650 |
|
7 |
|a Amino acids.
|2 fast
|0 (OCoLC)fst00807622
|
| 650 |
|
7 |
|a Amino acids
|x Synthesis.
|2 fast
|0 (OCoLC)fst00807636
|
| 650 |
|
7 |
|a Peptides.
|2 fast
|0 (OCoLC)fst01057564
|
| 650 |
|
7 |
|a Proteins.
|2 fast
|0 (OCoLC)fst01079711
|
| 655 |
|
4 |
|a Electronic books.
|
| 700 |
1 |
|
|a Hughes, Andrew B.
|
| 776 |
0 |
8 |
|i Print version:
|t Amino acids, peptides and proteins in organic chemistry. Volume 3, Building blocks, catalysis and coupling chemistry.
|d Weinheim : Wiley-VCH, ©2011
|z 9783527631803
|w (OCoLC)705353466
|
| 856 |
4 |
0 |
|u https://doi.org/10.1002/9783527631827
|z Full Text via HEAL-Link
|
| 994 |
|
|
|a 92
|b DG1
|